000 01159nam a22003497a 4500
001 16412686
003 OSt
005 20210414095656.0
008 011106s1993 nyu g 000 1 eng d
010 _a 97818429
020 _a0451191153 (pbk.)
035 _a(OCoLC)ocm48364091
040 _aIJC
_cIJC
_dDLC
_beng
041 _aeng
050 0 0 _aCPB Box no. 717 vol. 19
080 _a821.111
_bR-20
100 1 _aRand, Ayn.
245 1 4 _aThe fountainhead /
_cAyn Rand ; with an afterword by Leonard Peikoff.
_b/ by: A Signet Book, The New American Library
260 _aNew York
_b A Signet Book, The New American Library
_c1993.
300 _ax, 704 p.
_c18 cm.
365 _b8.99 usd
650 0 _aArchitects
_vFiction.
650 0 _aEnglish literature
_9254
650 0 _aObjectivism (Philosophy)
_vFiction.
653 _aინგლისური ლიტერატურა
655 7 _aDomestic fiction.
_2lcsh
655 7 _aEpic fiction.
_2gsafd
700 1 _aPeikoff, Leonard.
710 2 _aCopyright Paperback Collection (Library of Congress)
_5DLC
906 _a7
_bcbc
_ccopycat
_d2
_encip
_f19
_gy-genrareb
942 _2udc
_cBK
999 _c2135
_d2135